| 000 | 00657nam a2200205Ia 4500 | ||
|---|---|---|---|
| 001 | 11505 | ||
| 003 | GE_BSU | ||
| 008 | 181216s||||||||xx |||||||||||||| ||und|| | ||
| 040 | _cGE_BSU | ||
| 080 | _a81'374.221=353.1 | ||
| 100 | _aნეიმანი,ალ. | ||
| 245 | _aქართულ სინონიმთა ლექსიკონი. | ||
| 245 | _cრედ:ს.ყაუხჩიშვილი. | ||
| 260 | _aთბილისი. | ||
| 260 | _bსახელგამი. | ||
| 260 | _c1951. | ||
| 300 | _a440გვ;22სმ. | ||
| 653 | _aქართულ სინონიმთა ლექსიკონი. | ||
| 942 | _cBK | ||
| 999 |
_c44700 _d44700 |
||